strider (Record no. 8049)
[ view plain ]
| 000 -LEADER | |
|---|---|
| fixed length control field | 00889nam a22001937a 4500 |
| 003 - CONTROL NUMBER IDENTIFIER | |
| control field | OSt |
| 005 - DATE AND TIME OF LATEST TRANSACTION | |
| control field | 20260130084354.0 |
| 008 - FIXED-LENGTH DATA ELEMENTS--GENERAL INFORMATION | |
| fixed length control field | 260130b |||||||| |||| 00| 0 eng d |
| 040 ## - CATALOGING SOURCE | |
| Original cataloging agency | DWCL GS library |
| Transcribing agency | OC |
| 082 ## - DEWEY DECIMAL CLASSIFICATION NUMBER | |
| Classification number | Fic. C581c 1991 |
| 100 ## - MAIN ENTRY--PERSONAL NAME | |
| Personal name | Cleary, Beverly |
| 245 ## - TITLE STATEMENT | |
| Title | strider |
| Statement of responsibility, etc. | Beverly Cleary |
| 260 ## - PUBLICATION, DISTRIBUTION, ETC. | |
| Place of publication, distribution, etc. | New York |
| Name of publisher, distributor, etc. | HarperColiins Publishers Inc. |
| Date of publication, distribution, etc. | c1991 |
| 300 ## - PHYSICAL DESCRIPTION | |
| Extent | 152 |
| Other physical details | illustrations |
| Dimensions | 20cm |
| 520 ## - SUMMARY, ETC. | |
| Summary, etc. | Fourteen-year-old Leigh Botts, from Dear Mr. Henshaw, navigates high school, his parents' divorce, and loneliness by adopting a stray dog named Strider with his friend, Barry. Through caring for the dog, joining the track team, and writing in his diary, Leigh gains confidence, finds friendship, and accepts his changing life. |
| 546 ## - LANGUAGE NOTE | |
| Language note | English |
| 700 ## - ADDED ENTRY--PERSONAL NAME | |
| Personal name | Beverly Cleary |
| 942 ## - ADDED ENTRY ELEMENTS (KOHA) | |
| Source of classification or shelving scheme | Dewey Decimal Classification |
| Koha item type | Fiction |
| Classification part | Fic. C581c 1991 |
| Suppress in OPAC | No |
| 952 ## - LOCATION AND ITEM INFORMATION (KOHA) | |
| -- | |
| Withdrawn status | Lost status | Source of classification or shelving scheme | Damaged status | Not for loan | Home library | Current library | Shelving location | Date acquired | Source of acquisition | Total Checkouts | Full call number | Barcode | Date last seen | Price effective from | Koha item type | Uniform Resource Identifier |
|---|---|---|---|---|---|---|---|---|---|---|---|---|---|---|---|---|
| Dewey Decimal Classification | Grade School Library | Grade School Library | Fiction | 01/30/2026 | School Fund, Donation | Fic. C581c 1991 | 9912 | 01/30/2026 | 01/30/2026 | FIC. |